Xử trí cấp cứu bỏng
Guardado en:
| Autor principal: | |
|---|---|
| Formato: | Libro |
| Lenguaje: | Undetermined |
| Publicado: |
Hà Nội
Y học
1980
|
| Materias: | |
| Etiquetas: |
Agregar Etiqueta
Sin Etiquetas, Sea el primero en etiquetar este registro!
|
| Thư viện lưu trữ: | Trung tâm Học liệu Trường Đại học Cần Thơ |
|---|
| LEADER | 00518nam a2200181Ia 4500 | ||
|---|---|---|---|
| 001 | CTU_11890 | ||
| 008 | 210402s9999 xx 000 0 und d | ||
| 082 | |a 617.10262 | ||
| 082 | |b Ph506 | ||
| 100 | |a Phạm, Văn Phúc | ||
| 245 | 0 | |a Xử trí cấp cứu bỏng | |
| 245 | 0 | |c Phạm Văn Phúc | |
| 260 | |a Hà Nội | ||
| 260 | |b Y học | ||
| 260 | |c 1980 | ||
| 650 | |a medical emergencies | ||
| 904 | |i Nguyễn Quang Điền, 961010 | ||
| 980 | |a Trung tâm Học liệu Trường Đại học Cần Thơ | ||